000 01778nam a22001817a 4500
003 IT-RoPau
005 20220918181105.0
008 130508b xxu||||| |||| 00| 0 eng d
040 _cIT-RoPau
100 _aCentro di Spiritualità Paolina
_9518
245 _aSupplemento a "Camminiamo anche noi in novità di vita"
250 _a1° ed
260 _aAriccia (Roma)
_bCentro di Spiritualità Paolina - Casa Divino Maestro
_c1979
300 _a24 pp.
_c33 cm
490 _a"Camminiamo anche noi in novità di vita"
_vn° 6 aprile 1979
520 _aSommario Presenza dello Spirito Santo nella vita e nelle Lettere di san Paolo I. (26 maggio, sabato) "Non Abbiamo ricevuto lo spirito del mondo, ma lo Spirito di Dio, per conoscere tutto ciò che Dio ci ha donato" (1 Corinzi 2,12) II. (27 maggio, domenica) "Non spegnete lo Spirito" (1 Tess. 5,19) III. (28 maggio, lunedì) "Ci ha salvati mediante un lavacro di rigenerazione e di8 rinnovamento nello Spirito Santo" (Tito 3,5) "Avete ricevuto il sigilo dello Spirito Santo" (Ef 1,13) IV. (29 maggio, martedì) "Che siete figli ne é prova il fatto che Dio ha mandato nei nostri cuori lo spirito del suo Figlio che grida: Abbà, Padre ' quindi non sei più schiavo, ma Figlio" (Gal 4, 6-7) V. (30 maggio, mercoledì) "Il frutto dello Spirito é : Amore..." (Gal 5,22) VI. (31 maggio, giovedì) "Incorporati nella fabbrica a diventare dimora di Dio per mezzo dello Spirito" (Efes 2,22) VII. (1 giugno, venerdì) "Non soltanto con la parola, ma con potenza e con Spirito Santo" (1 Tess 1,5) VIII. (sabato 2 giugno) "Potentemente rafforzati dal Suo Spirito nell'uomo interiore" (Efes 3,16) IX. (3 giugno, domenica di Pentecoste) "Gli premeva di essere a Gerusalemme per il giorno della Pentecoste" (Atti 20,16)
942 _2ddc
_cCR
999 _c98501
_d98501